| 000 | 00850nam a2200253 a 4500 | ||
|---|---|---|---|
| 001 | 13304 | ||
| 003 | BD-JhCC | ||
| 005 | 20230811092154.0 | ||
| 008 | 221102s2018 bg |||| ||a| 000 0 b d | ||
| 020 | _a9789849187363 | ||
| 035 | _a(BD-JhCC)13304 | ||
| 040 |
_aBD-JhCC _dBD-JhCC |
||
| 041 | _abengali | ||
| 082 |
_a923 _bALI 2018 |
||
| 100 | _aআলী, মোহাম্মদ নাসির | ||
| 245 |
_aঅ্যালবার্ট আইনস্টাইন / _cমোহাম্মদ নাসির আলী। |
||
| 260 |
_aঢাকা : _bস্বরবৃত্ত; _c২০১৮. |
||
| 300 |
_a৯৫ পৃ. : _c২১ সেমি.. |
||
| 504 | _aগ্রন্থপঞ্জি অর্ন্তভূক্ত। | ||
| 600 | _aEinstein, Albert | ||
| 651 | _aBiography. | ||
| 942 |
_2ddc _cBK |
||
| 999 |
_c13304 _d13304 |
||